|
|
|
|
| LEADER |
00000cam a2200000 i 4500 |
| 001 |
1/45605 |
| 008 |
070606s gr | ||| |||| ||gre|| |
| 020 |
|
|
|a 9600433615
|
| 035 |
|
|
|l 10088164
|
| 040 |
|
|
|a GR-MyUa
|b gre
|e AACR2
|
| 041 |
1 |
|
|a gre
|h eng
|
| 082 |
7 |
|
|a 294.382
|2 (22)
|
| 245 |
0 |
2 |
|a Η σούτρα του λωτού /
|c μετάφραση Πάνος Μπολανάκης.
|
| 260 |
|
|
|a Αθήνα :
|b Κέδρος,
|c 2006.
|
| 300 |
|
|
|a 215 σ. ;
|c 23 εκ.
|
| 500 |
|
|
|a Τίτλος πρωτοτύπου: The Lotus Sutra.
|
| 500 |
|
|
|a Περιλαμβάνει ευρετήριο.
|
| 650 |
|
0 |
|a Buddhism
|x Philosophy.
|
| 700 |
1 |
|
|a Μπολανάκης, Πάνος,
|e trl
|
| 852 |
|
|
|a INST
|b CHIOS
|e 20070606
|h 294.382 ΣΟΥ
|p 005200026163
|q 005200026163
|t BK
|y 0
|
| 852 |
|
|
|a INST
|b LESVOS
|e 20071115
|h 294.382 ΜΠΟ
|p 005100040775
|q 005100040775
|t BK
|y 0
|
| 901 |
|
|
|a BIBL2-2007-2
|
| 901 |
|
|
|a BIBL1-2007-3
|
| 970 |
|
|
|a ΒΑΡΦΗΣ
|b ΒΑΓΓΕΛΗΣ
|z 2007/06/06
|